000 00287pab a2200109 454500
008 180718b xxu||||| |||| 00| 0 eng d
100 _aMohanty, K.K
245 _aEconomic reform - some misconseptions must go
650 _aEconomic Development
773 _aFinancial Express
909 _a24060
999 _c24060
_d24060